LEADER 01111cam0-2200361---450- 001 990000956970403321 005 20160120123638.0 035 $a000095697 035 $aFED01000095697 035 $a(Aleph)000095697FED01 035 $a000095697 100 $a20001205d1975----km-y0itay50------ba 101 0 $aita 102 $aIT 105 $aa---a---001yy 200 1 $a<>spirale delle alte energie$easpetti politici e logica di sviluppo della fisica delle particelle elementari$fAngelo Baracca, Silvio Bergia 210 $aMilano$cBompiani$d1975 215 $a310 p.$cill.$d22 cm 225 1 $aStudi Bompiani$i<>scienza critica$v11 610 0 $aParticelle elementari 676 $a539.721$v18$zita 700 1$aBaracca,$bAngelo$044102 701 1$aBergia,$bSilvio$f<1935- >$042783 801 0$aIT$bUNINA$gREICAT$2UNIMARC 901 $aBK 912 $a990000956970403321 952 $a1E-055.001$b14472$fFI1 952 $a1E-055$b10111$fFI1 952 $a1E-055.002$bF.D. 276$fFI1 959 $aFI1 959 $aDRCN 996 $aSpirale delle alte energie$9357833 997 $aUNINA LEADER 01573nam 2200373zn 450 001 996575098603316 005 20230422205048.0 010 $a1-66546-343-0 035 $a(CKB)5860000000296602 035 $a(NjHacI)995860000000296602 035 $a(EXLCZ)995860000000296602 100 $a20230422d2022 uy 0 101 0 $aeng 135 $aur||||||||||| 181 $ctxt$2rdacontent 182 $cc$2rdamedia 183 $acr$2rdacarrier 200 10$a2022 IEEE/ACM International Workshop on Heterogeneous High-performance Reconfigurable Computing (H2RC) /$fIEEE Computer Society 210 1$aLos Alamitos, California :$cIEEE Computer Society,$d2022. 215 $a1 online resource 311 $a1-66546-344-9 330 $aSC22 will bring together the international supercomputing community, a gathering of scientists, engineers, researchers, educators, programmers, system administrators, and developers that is unequaled in the world for an exceptional program of technical presentations, papers, informative tutorials, timely research posters, and Birds of a Feather (BoF) sessions. 517 $a2022 IEEE/ACM International Workshop on Heterogeneous High-performance Reconfigurable Computing 606 $aHigh performance computing$vCongresses 606 $aHeterogeneous computing$vCongresses 615 0$aHigh performance computing 615 0$aHeterogeneous computing 676 $a004.11 801 0$bNjHacI 801 1$bNjHacl 906 $aBOOK 912 $a996575098603316 996 $a2022 IEEE$92807321 997 $aUNISA